LIBRARY & INFORMATION CENTRE, KCAET, TAVANUR

ONLINE PUBLIC ACCESS CATALOGUE (OPAC)

Decline and fall of the Roman Empire, Vol 1 / (Record no. 6221)

MARC details
000 -LEADER
fixed length control field 00459cam a2200169ua 4500
041 ## - LANGUAGE CODE
Language code of text/sound track or separate title eng
082 ## - DEWEY DECIMAL CLASSIFICATION NUMBER
Classification number 937.06
Item number GIB/DE
100 ## - MAIN ENTRY--AUTHOR NAME
Personal name Gibbon, .
245 ## - TITLE STATEMENT
Title Decline and fall of the Roman Empire, Vol 1 /
260 ## - PUBLICATION, DISTRIBUTION, ETC. (IMPRINT)
Place of publication London :
Name of publisher J M Dent and Sons Ltd ,
Year of publication 1960.
300 ## - PHYSICAL DESCRIPTION
Number of Pages 504 ; .
490 0# - SERIES STATEMENT
Series statement Eveyman`s Library,
Volume number/sequential designation 434
942 ## - ADDED ENTRY ELEMENTS (KOHA)
Koha item type Books
Holdings
Withdrawn status Lost status Damaged status Home library Current library Date acquired Full call number Accession Number Koha item type
Withdrawn     KAUAET Sanskrit University 07/04/2012 937.06 4244 Books
free website counter